Redefining Governance: (Record no. 159635)

MARC details
000 -LEADER
fixed length control field 00594nam a22001817a 4500
005 - DATE AND TIME OF LATEST TRANSACTION
control field 20181227114343.0
010 ## - LCCN (DPL NO)
LC control number ENG-124601
020 ## - INTERNATIONAL STANDARD BOOK NUMBER
International Standard Book Number 9789351865261
Terms of availability 400.00
035 ## - SYSTEM CONTROL NUMBER
System control number EN-108133
037 ## - SOURCE OF ACQUISITION
Source of stock number/acquisition DBAD/PUB
082 ## - DEWEY DECIMAL CLASSIFICATION NUMBER
Classification number 320.9540905
245 ## - TITLE STATEMENT
Title Redefining Governance:
Statement of responsibility, etc ed. by Anirban Ganguly
Remainder of title (Essays on one year of Narendra Modi Government/
260 ## - PUBLICATION, DISTRIBUTION, ETC. (IMPRINT)
Place of publication, distribution, etc New Delhi
Name of publisher, distributor, etc Prabhat Prakashan
Date of publication, distribution, etc 2018
270 ## - ADDRESS
Address 4/19, Asaf Ali Road, Daryaganj,
City New Delhi
Postal code 110002
300 ## - PHYSICAL DESCRIPTION
Extent 296p.
Dimensions 21cm.(Hb)
700 ## - ADDED ENTRY--PERSONAL NAME
Personal name Ganguly, Anirban
942 ## - ADDED ENTRY ELEMENTS (KOHA)
Source of classification or shelving scheme Dewey Decimal Classification
Item type English Books
Call number suffix RED
Classification part 320.9540905
Holdings
Withdrawn status Lost status Not for loan Collection code Home library Current library Date acquired Source of acquisition Cost, normal purchase price Full call number Barcode Copy number Cost, replacement price Koha item type
    Not For Loan Non-fiction D.B.Act.Division Bawana 27/12/2018 DBAD/PUB 400.00 320.9540905 RED EN-108133 1 400.00 English Books

© Delhi Public Library
Hit Counter
free hit counter